000 00515nam a2200181Ia 4500
005 20250508160530.0
008 008 250505s9999 xx 000 0 eng d
037 _aTextual
040 _aFEDL
_beng
_cFEDL
041 _aeng
_2eng
084 _a519.9, LOC
_qFEDL
100 _aLockwood E H
_9768726
245 0 _aStatistics : the how and the way : An introductory course
260 _aLondon, UK
_bJohn Murray
_c1969
300 _a150p.
942 _cTEXL
_h519.9, LOC
999 _c1365195
_d1365195